000 01059nam a22002897a 4500
005 20240530110457.0
008 150420s2012 ua d g b 000 0 ara d
017 _a2011/17127
_bمصر . دار الكتب المصرية
020 _a9772328380
040 _aEG-CaGPL
082 0 4 _221
_a375.001\
_bم أ
100 0 _aمجدى عزيز ابراهيم
245 1 2 _aالابداع :
_bركيزة عصرنة المنهج التربوى /
_cمجدى عزيز ابراهيم
250 _aط1
260 _aالقاهرة :
_bعالم الكتب ،
_c2012 .
300 _a528 ص :
_bايض ؛
_c24 سم
490 0 _aسلسلة ابداعات تعليمية تعلمية ؛
_v4
504 _aببليوجرافية : ص 521 - 528
650 0 4 _aالابداع
650 0 4 _aالتعليم
_xمناهج
650 0 4 _aالمناهج
_xتطوير
650 0 4 _aالمناهج
_xتخطيط
650 0 4 _aالطلاب الموهوبين
650 0 4 _aعلم النفس التربوى
942 _2ddc
_cBK
999 _c61394
_d61394